Salvador Dalí 19041989 (Record no. 8734)

MARC details
000 - LÍDER
campo de control de longitud fija 00695nam a2200205Ia 4500
008 - ELEMENTOS DE DATOS DE LONGITUD FIJA - INFORMACIÓN GENERAL
campo de control de longitud fija 0000001994 gw a 0000000000eng00
020 ## - INTERNATIONAL STANDARD BOOK NUMBER
International Standard Book Number 3822893269
090 ## - NÚMERO DE LLAMADA DE TIPO LC LOCALMENTE ASIGNADO (OCLC)
Número de clasificación (OCLC) (R) PSP00 N27s
100 1# - ENTRADA PRINCIPAL - NOMBRE PERSONAL
Nombre de la persona Néret, Gilles
245 10 - TÍTULO DECLARACIÓN
Título Salvador Dalí 19041989
Declaración de responsabilidad / Gilles Néret ; translation Catherine Plant
260 ## - PUBLICACIÓN, DISTRIBUCIÓN
Lugar de publicación Koln (Alemania) : Benedikt Taschen Verlag GMbH
Fecha de publicación 1994
300 ## - DESCRIPCIÓN FÍSICA
Alcance 96 p.
Dimensiones / 30 cm.
500 ## - NOTA GENERAL
Nota general Donación Sr León Caridi (20080115)
600 00 - ENTRADA DE SUJETO AÑADIDO - NOMBRE PERSONAL
Nombre de la persona DALI, SALVADOR, 19041989/
Subdivisión general TRABAJOS PICTORICOS
650 14 - ENTRADA DE SUJETO AÑADIDO - TÉRMINO TÓPICO
Término tópico o elemento de entrada del nombre geográfico ARTE CONTEMPORANEO ESPAÑOL
650 14 - ENTRADA DE SUJETO AÑADIDO - TÉRMINO TÓPICO
Subdivisión general CATALOGOS
650 14 - ENTRADA DE SUJETO AÑADIDO - TÉRMINO TÓPICO
Término tópico o elemento de entrada del nombre geográfico PINTORES ESPAÑOLES
650 14 - ENTRADA DE SUJETO AÑADIDO - TÉRMINO TÓPICO
Término tópico o elemento de entrada del nombre geográfico PINTURA ESPAÑOLA
700 1# - ENTRADA AGREGADA - NOMBRE PERSONAL
Nombre de la persona Plant, Catherine, tr.
Holdings
Estado de retirada Pérdida de estatus Estado dañado No para préstamo Código de recogida Ubicación permanente Ubicación actual Ubicación de las estanterías Fecha de adquisición Número de llamada completo Código de barras Fecha de la última vez que se vio Número de copia Precio efectivo desde Tipo de artículo Koha
        General ArtNexus ArtNexus General 06/09/2022 P-SP-0027S 8739 06/09/2022 Ej.1 06/09/2022 Libro

Powered by Koha